00379nam a2200121Ia 4500008004100000082001400041100000800055245004600063260005000109365000600159630004600165730004600211100415s9999 xx 000 0 und d b8892a910 aNGM aThe National Geographic Magazine Vol. 128 aWASHINGTONc1965bNATIONAL GEOGRAPHIC SOCIETY b0 aThe National Geographic Magazine Vol. 128 aThe National Geographic Magazine Vol. 128